Llwytho...

Properties of elemental materials

Manylion Llyfryddiaeth
Prif Awdur: Menon, M V G, et al
Fformat: Printed Book
Cyhoeddwyd: Tata McGraw Hill Publishing Co. Ltd., New Delhi 1972
Pynciau:
LEADER 00530nam a2200193 4500
020 |c 18 
082 |a 620.112 MEN-P 
100 |a Menon, M V G, et al. 
245 |a Properties of elemental materials 
250
260 |a Tata McGraw Hill Publishing Co. Ltd., New Delhi  |c 1972 
300 |a 247 
490
500
590 |a rvr  |c 18 
650 |a materials 
942 |c BK 
999 |c 79198  |d 79198 
952 |0 0  |1 0  |4 0  |6 620_112000000000000_MENP  |7 0  |9 92666  |a PHY  |b PHY  |g 18.00  |l 0  |o 620.112 MEN-P  |p PHY00879  |r 2019-09-24  |w 2019-09-24  |y BK